Πρότυπα και πολιτικές περιφερειακής ανάπτυξης
Saved in:
| Main Author: | |
|---|---|
| Format: | Book |
| Language: | Greek |
| Published: |
Αθήνα :
Παπαζήσης,
1995
|
| Subjects: | |
| Tags: |
Add Tag
No Tags, Be the first to tag this record!
|
MARC
| LEADER | 00000nam a2200000 i 4500 | ||
|---|---|---|---|
| 001 | 1/64639 | ||
| 008 | 970606s1995 gre d | ||
| 020 | |z 960-02-1137-7 | ||
| 035 | |l 10075041 | ||
| 040 | |a GR-MY-UA |b gre |e aacr | ||
| 041 | 0 | |a gre | |
| 082 | 0 | |a 338.9 | |
| 100 | 1 | |a Παπαδασκαλόπουλος, Αθ. Δ. | |
| 245 | 1 | 0 | |a Πρότυπα και πολιτικές περιφερειακής ανάπτυξης / |c Αθ. Δ. Παπαδασκαλόπουλος |
| 260 | |a Αθήνα : |b Παπαζήσης, |c 1995 | ||
| 300 | |a 124 σ.; |b χάρτες; |c 24 εκ. | ||
| 504 | |a Περιλαμβάνει βιβλιογραφία | ||
| 650 | 0 | 0 | |a Regional economics. |
| 650 | 0 | 0 | |a Regional planning. |
| 852 | |a INST |b CHIOS |e 20041102 |h 338.9 ΠΑΠ |p 005200022927 |q 005200022927 |t BK |y 0 | ||
| 852 | |a INST |b LESVOS |e 19970606 |h 338.9 ΠΑΠ |p 005100011022 |q 005100011022 |t BK |y 0 | ||
| 901 | |a BIBL2-2004-3 | ||
| 909 | |a Λ |b 049085 | ||
| 909 | |a Χ |b 106482 | ||
| 922 | |a 1ΕΛΗ |b 199610 |c ΣΠΙΛΑΝΗΣ | ||
| 922 | |a 2ΕΛΗ |b 200309 |c ΤΔΕ |d ΠΑΠΑΣΩΤΗΡΙΟΥ | ||
| 950 | |a 112-2003-09-05 | ||
| 950 | |a 155/1996-02-06 | ||